| 000 | 00917cam a2200217 a 4500 | ||
|---|---|---|---|
| 001 | 000002849 | ||
| 005 | 20200929150254.0 | ||
| 008 | 050811s2004 pr a 000 p spa | ||
| 020 | _a0865815976 | ||
| 040 |
_aDO-SdBNP _cDLC _dDLC |
||
| 082 |
_aPR861.5 _bF632l |
||
| 245 | 0 | 0 |
_aFlor de lumbre : _bantología poética del Grupo Guajana, cuarenta años de quehacer (1962-2002) / _cintroducción de Marcelino J. Canino Salgado, selección y notas de Reynaldo Marcos Padua. |
| 260 |
_aSan Juan, Puerto Rico : _bEditorial Guajana : _bEditorial Instituto de Cultura Puertorriqueña, _c2004. |
||
| 300 |
_axxvi, 328 p. : _bil. ; _c23 cm. |
||
| 650 | 4 |
_aPoesía puertorriqueña _ySIGLO XX. _99029 |
|
| 650 | 4 |
_aLiteratura puertorriqueña _9250 |
|
| 700 | 1 |
_aMarcos Padua, Reynaldo. _ecomp. _99030 |
|
| 700 | 1 |
_aCannino Salgado, Marcelino J. _eintr. _99031 |
|
| 710 | 2 |
_aGrupo Guajana _99032 |
|
| 910 | _aCatalogación por copia / LC | ||
| 999 |
_c2683 _d2683 |
||